000 00704nam a2200289Ia 4500
005 20260324122504.0
008 008 260324s9999 xx 000 0 eng d
020 _a9780203553411
037 _aEBOOK
040 _aCRL
040 _beng
040 _cCRL
041 _2eng
041 _aeng
084 _qCRL
100 _aLaura Colombino
_91145712
245 0 _aSpatial Politics in Contemporary London Literature
245 0 _bWriting Architecture and the Body
260 _bTaylor and Francis
260 _c2013
365 _a
365 _b240
856 _uhttp://www.taylorfrancis.com/books/9780203553411
942 _cEBOOK
999 _c1759439
_d1759439